000 00977nam a22001697a 4500
008 140718b xxu||||| |||| 00| 0 eng d
020 _a9964303122
050 _aHD62.7.B628
100 _aBoachie-Mensah, F.O.
245 _aEntrepreneurship and small business mangement. /
_cF.O. Boachie-Mensah and E.Marfo-Yiadom.
260 _aAccra :
_bGhana University Press,
_c2005.
300 _axiii,270p.:
_c20cm.
500 _aIncludes index and appendix.
505 _aContents: Nature and development of entrepreneurship -- Small business economy -- Starting your own small business -- Franchising -- Buying an existing business -- Forms of business ownership -- The business plan -- Management of resources -- Management of information systems -- Management of people -- Marketing -- Source of financing -- Financial documents for purchase and sales -- Maintaining financial records and financial planning -- Going international.
700 _aMarfo-Yiadom, E.
942 _2lcc
_cBK
999 _c3165
_d10665